<?xml version="1.0" encoding="UTF-8"?>
<collection xmlns="http://www.loc.gov/MARC21/slim">
 <record>
  <leader>01311nam a22002177a 4500</leader>
  <controlfield tag="001">NCT_33774</controlfield>
  <controlfield tag="008">180427b        xxu||||| |||| 00| 0 vie d</controlfield>
  <datafield tag="999" ind1=" " ind2=" ">
   <subfield code="c">1628</subfield>
   <subfield code="d">1628</subfield>
  </datafield>
  <datafield tag="020" ind1=" " ind2=" ">
   <subfield code="c">35000</subfield>
  </datafield>
  <datafield tag="082" ind1="0" ind2="4">
   <subfield code="2">23rd ed.</subfield>
   <subfield code="a">615</subfield>
   <subfield code="b">Kh401</subfield>
  </datafield>
  <datafield tag="100" ind1="1" ind2=" ">
   <subfield code="a">Nguyễn Tuấn Khoa</subfield>
  </datafield>
  <datafield tag="245" ind1="1" ind2="0">
   <subfield code="a">Động vật và khoáng vật làm thuốc </subfield>
   <subfield code="c">Nguyễn Tuấn Khoa</subfield>
  </datafield>
  <datafield tag="260" ind1=" " ind2=" ">
   <subfield code="a">H.</subfield>
   <subfield code="b">Y học</subfield>
   <subfield code="c">2010</subfield>
  </datafield>
  <datafield tag="300" ind1=" " ind2=" ">
   <subfield code="a">139 tr.</subfield>
   <subfield code="b">Ảnh</subfield>
   <subfield code="c">21cm</subfield>
  </datafield>
  <datafield tag="520" ind1="3" ind2=" ">
   <subfield code="a">Giới thiệu tên Latinh, nguồn gốc, nơi sản xuất, phương pháp thu nhặt, chế biến, tính chất và tính vị công dụng của 78 vị thuốc có nguồn gốc động vật và 41 vị thuốc có nguồn gốc khoáng vật </subfield>
  </datafield>
  <datafield tag="653" ind1=" " ind2=" ">
   <subfield code="a">Y đa khoa</subfield>
  </datafield>
  <datafield tag="942" ind1=" " ind2=" ">
   <subfield code="2">ddc</subfield>
   <subfield code="c">BK</subfield>
  </datafield>
  <datafield tag="952" ind1=" " ind2=" ">
   <subfield code="0">0</subfield>
   <subfield code="1">0</subfield>
   <subfield code="2">ddc</subfield>
   <subfield code="4">0</subfield>
   <subfield code="6">615_000000000000000_KH401</subfield>
   <subfield code="7">0</subfield>
   <subfield code="9">7779</subfield>
   <subfield code="a">000001</subfield>
   <subfield code="b">000001</subfield>
   <subfield code="d">2018-04-27</subfield>
   <subfield code="l">1</subfield>
   <subfield code="o">615 Kh401</subfield>
   <subfield code="p">MD.11764</subfield>
   <subfield code="r">2019-06-11</subfield>
   <subfield code="s">2019-05-29</subfield>
   <subfield code="v">35000.00</subfield>
   <subfield code="w">2018-04-27</subfield>
   <subfield code="y">BK</subfield>
  </datafield>
  <datafield tag="952" ind1=" " ind2=" ">
   <subfield code="0">0</subfield>
   <subfield code="1">0</subfield>
   <subfield code="2">ddc</subfield>
   <subfield code="4">0</subfield>
   <subfield code="6">615_000000000000000_KH401</subfield>
   <subfield code="7">0</subfield>
   <subfield code="9">7780</subfield>
   <subfield code="a">000001</subfield>
   <subfield code="b">000001</subfield>
   <subfield code="d">2018-04-27</subfield>
   <subfield code="o">615 Kh401</subfield>
   <subfield code="p">MD.11046</subfield>
   <subfield code="r">2018-04-27</subfield>
   <subfield code="v">35000.00</subfield>
   <subfield code="w">2018-04-27</subfield>
   <subfield code="y">BK</subfield>
  </datafield>
  <datafield tag="952" ind1=" " ind2=" ">
   <subfield code="0">0</subfield>
   <subfield code="1">0</subfield>
   <subfield code="2">ddc</subfield>
   <subfield code="4">0</subfield>
   <subfield code="6">615_000000000000000_KH401</subfield>
   <subfield code="7">0</subfield>
   <subfield code="9">7781</subfield>
   <subfield code="a">000001</subfield>
   <subfield code="b">000001</subfield>
   <subfield code="d">2018-04-27</subfield>
   <subfield code="o">615 Kh401</subfield>
   <subfield code="p">MD.11047</subfield>
   <subfield code="r">2018-04-27</subfield>
   <subfield code="v">35000.00</subfield>
   <subfield code="w">2018-04-27</subfield>
   <subfield code="y">BK</subfield>
  </datafield>
  <datafield tag="980" ind1=" " ind2=" ">
   <subfield code="a">Thư viện Trường Đại học Nam Cần Thơ</subfield>
  </datafield>
 </record>
</collection>
